<?xml version="1.0" encoding="UTF-8"?>
<record
    xmlns:xsi="http://www.w3.org/2001/XMLSchema-instance"
    xsi:schemaLocation="http://www.loc.gov/MARC21/slim http://www.loc.gov/standards/marcxml/schema/MARC21slim.xsd"
    xmlns="http://www.loc.gov/MARC21/slim">

  <leader>02719nam a2200349 i 4500</leader>
  <controlfield tag="003">DO-SdBNP</controlfield>
  <controlfield tag="005">20250715125412.0</controlfield>
  <controlfield tag="007">ta</controlfield>
  <controlfield tag="008">250711b2025    dr abcd| |||| 00| 0 spa d</controlfield>
  <datafield tag="020" ind1=" " ind2=" ">
    <subfield code="a">9789945293579</subfield>
  </datafield>
  <datafield tag="040" ind1=" " ind2=" ">
    <subfield code="a">DO-SdBNP</subfield>
    <subfield code="b">spa</subfield>
    <subfield code="c">BNPHU</subfield>
    <subfield code="e">rda</subfield>
  </datafield>
  <datafield tag="041" ind1=" " ind2=" ">
    <subfield code="a">spa</subfield>
  </datafield>
  <datafield tag="082" ind1=" " ind2="4">
    <subfield code="a">xxx</subfield>
    <subfield code="b">M433</subfield>
    <subfield code="2">22</subfield>
  </datafield>
  <datafield tag="100" ind1="1" ind2=" ">
    <subfield code="a">Hern&#xE1;ndez, Domingo Mat&#xED;as,</subfield>
    <subfield code="e">autor</subfield>
    <subfield code="4">aut.</subfield>
    <subfield code="9">82930</subfield>
  </datafield>
  <datafield tag="245" ind1="1" ind2="0">
    <subfield code="a">Balance al sistema municipal dominicano :</subfield>
    <subfield code="b">2020-2024 /</subfield>
    <subfield code="c">Domingo Mat&#xED;as Hern&#xE1;ndez ; colaboradores, Pedro Hern&#xE1;ndez, Horacio Medrano, Franklin Santos, Ileana Polanco, Esthefani Sirett, Manuel Parras.</subfield>
  </datafield>
  <datafield tag="264" ind1=" " ind2="1">
    <subfield code="a">Santo Domingo, Rep&#xFA;blica Dominicana :  </subfield>
    <subfield code="b">Foro Municipalistas,</subfield>
    <subfield code="b">Fundaci&#xF3;n Solidaridad, </subfield>
    <subfield code="b">CEPAE,</subfield>
    <subfield code="b">Editora B&#xFA;ho,</subfield>
    <subfield code="c">[2025].</subfield>
  </datafield>
  <datafield tag="300" ind1=" " ind2=" ">
    <subfield code="a">50 p&#xE1;ginas :</subfield>
    <subfield code="b">ilustraciones, mapas, gr&#xE1;ficas, retratos ;</subfield>
    <subfield code="c">22 cm.</subfield>
  </datafield>
  <datafield tag="336" ind1=" " ind2=" ">
    <subfield code="a">texto</subfield>
    <subfield code="b">txt</subfield>
    <subfield code="2">rdacontent</subfield>
  </datafield>
  <datafield tag="337" ind1=" " ind2=" ">
    <subfield code="a">sin mediaci&#xF3;n</subfield>
    <subfield code="b">n</subfield>
    <subfield code="2">rdamedia</subfield>
  </datafield>
  <datafield tag="338" ind1=" " ind2=" ">
    <subfield code="a">volumen</subfield>
    <subfield code="b">nc</subfield>
    <subfield code="2">rdacarrier</subfield>
  </datafield>
  <datafield tag="520" ind1=" " ind2=" ">
    <subfield code="a"> Balance Municipal 2020-2024, es una publicaci&#xF3;n de Domingo Mat&#xED;as, un experimentado municipalista y soci&#xF3;logo con m&#xE1;s de una d&#xE9;cada analizando la gesti&#xF3;n de los gobiernos locales en la Rep&#xFA;blica Dominicana desde 2010. Este balance sumario del periodo 2020-2024 ofrece una rica perspectiva anal&#xED;tica y datos relevantes sobre temas trascendentales como los procesos electorales municipales (2020 y 2024), el impacto del COVID-19 en los municipios, las reformas legales, el desempe&#xF1;o de los gobiernos locales, la territorializaci&#xF3;n de pol&#xED;ticas p&#xFA;blicas y la participaci&#xF3;n de la sociedad civil.

Con una trayectoria como activista en defensa de los derechos comunitarios y promotor de la descentralizaci&#xF3;n, Domingo Mat&#xED;as aporta un conocimiento profundo del sistema municipal dominicano. Su an&#xE1;lisis se centra en las estrategias desarrolladas y el funcionamiento global de las entidades rectoras, ofreciendo valiosas reflexiones para autoridades, t&#xE9;cnicos municipales, pol&#xED;ticos y activistas sociales interesados en el fortalecimiento institucional y el desarrollo local. Esta publicaci&#xF3;n se erige como un recurso inestimable para comprender los avances, estancamientos y retrocesos de la municipalidad dominicana en un periodo crucial.</subfield>
  </datafield>
  <datafield tag="590" ind1=" " ind2=" ">
    <subfield code="a">Inventariado, 2025/ YL</subfield>
  </datafield>
  <datafield tag="700" ind1="1" ind2=" ">
    <subfield code="a">Hern&#xE1;ndez, Pedro </subfield>
    <subfield code="e">colaborador</subfield>
    <subfield code="4">col.</subfield>
    <subfield code="9">2670</subfield>
  </datafield>
  <datafield tag="700" ind1="1" ind2=" ">
    <subfield code="a">Medrano, Horacio </subfield>
    <subfield code="e">colaborador</subfield>
    <subfield code="4">col.</subfield>
    <subfield code="9">88321</subfield>
  </datafield>
  <datafield tag="700" ind1="1" ind2=" ">
    <subfield code="a">Santos, Franklin </subfield>
    <subfield code="e">colaborador</subfield>
    <subfield code="4">col.</subfield>
    <subfield code="9">88322</subfield>
  </datafield>
  <datafield tag="700" ind1="1" ind2=" ">
    <subfield code="a">Polanco, Ileana </subfield>
    <subfield code="e">colaborador</subfield>
    <subfield code="4">col.</subfield>
    <subfield code="9">88323</subfield>
  </datafield>
  <datafield tag="700" ind1="1" ind2=" ">
    <subfield code="a">Sirett, Esthefani </subfield>
    <subfield code="e">colaborador</subfield>
    <subfield code="4">col.</subfield>
    <subfield code="9">88324</subfield>
  </datafield>
  <datafield tag="700" ind1="1" ind2=" ">
    <subfield code="a">Parras, Manuel </subfield>
    <subfield code="e">colaborador</subfield>
    <subfield code="4">col.</subfield>
    <subfield code="9">75380</subfield>
  </datafield>
  <datafield tag="710" ind1="1" ind2=" ">
    <subfield code="a">Centro de Planificaci&#xF3;n y Acci&#xF2;n Ecum&#xE9;nica (CEPAE)</subfield>
    <subfield code="9">85101</subfield>
  </datafield>
  <datafield tag="910" ind1=" " ind2=" ">
    <subfield code="a">YLockward</subfield>
  </datafield>
  <datafield tag="942" ind1=" " ind2=" ">
    <subfield code="2">ddc</subfield>
    <subfield code="c">LBS1</subfield>
  </datafield>
  <datafield tag="952" ind1=" " ind2=" ">
    <subfield code="0">0</subfield>
    <subfield code="1">0</subfield>
    <subfield code="2">ddc</subfield>
    <subfield code="5">1</subfield>
    <subfield code="7">0</subfield>
    <subfield code="8">PD</subfield>
    <subfield code="a">BNPHU</subfield>
    <subfield code="b">BNPHU</subfield>
    <subfield code="c">CT</subfield>
    <subfield code="d">2025-05-23</subfield>
    <subfield code="e">Donado por Editora B&#xFA;ho</subfield>
    <subfield code="l">0</subfield>
    <subfield code="o">BNPHU PD xxx M433</subfield>
    <subfield code="p">2025-6422</subfield>
    <subfield code="r">2025-07-11</subfield>
    <subfield code="w">2025-07-11</subfield>
    <subfield code="y">LBS1</subfield>
  </datafield>
  <datafield tag="952" ind1=" " ind2=" ">
    <subfield code="0">0</subfield>
    <subfield code="1">0</subfield>
    <subfield code="2">ddc</subfield>
    <subfield code="5">1</subfield>
    <subfield code="7">0</subfield>
    <subfield code="8">PD</subfield>
    <subfield code="a">BNPHU</subfield>
    <subfield code="b">BNPHU</subfield>
    <subfield code="c">CT</subfield>
    <subfield code="d">2025-05-23</subfield>
    <subfield code="e">Donado por Editora B&#xFA;ho</subfield>
    <subfield code="l">0</subfield>
    <subfield code="o">BNPHU PD xxx M433</subfield>
    <subfield code="p">2025-6423</subfield>
    <subfield code="r">2025-07-11</subfield>
    <subfield code="t">e.2</subfield>
    <subfield code="w">2025-07-11</subfield>
    <subfield code="y">LBS1</subfield>
  </datafield>
  <datafield tag="952" ind1=" " ind2=" ">
    <subfield code="0">0</subfield>
    <subfield code="1">0</subfield>
    <subfield code="2">ddc</subfield>
    <subfield code="5">6</subfield>
    <subfield code="7">0</subfield>
    <subfield code="8">DS</subfield>
    <subfield code="a">BNPHU</subfield>
    <subfield code="b">BNPHU</subfield>
    <subfield code="c">CT</subfield>
    <subfield code="d">2025-05-06</subfield>
    <subfield code="e">Dep&#xF3;sito Legal</subfield>
    <subfield code="l">0</subfield>
    <subfield code="o">xxx M433</subfield>
    <subfield code="p">2025-6583</subfield>
    <subfield code="r">2025-07-15</subfield>
    <subfield code="t">e.3</subfield>
    <subfield code="w">2025-07-15</subfield>
    <subfield code="y">LBS1</subfield>
    <subfield code="z">Proveedor Domingo Mat&#xED;as</subfield>
  </datafield>
  <datafield tag="952" ind1=" " ind2=" ">
    <subfield code="0">0</subfield>
    <subfield code="1">0</subfield>
    <subfield code="2">ddc</subfield>
    <subfield code="5">6</subfield>
    <subfield code="7">0</subfield>
    <subfield code="8">DS</subfield>
    <subfield code="a">BNPHU</subfield>
    <subfield code="b">BNPHU</subfield>
    <subfield code="c">CT</subfield>
    <subfield code="d">2025-05-06</subfield>
    <subfield code="e">Dep&#xF3;sito Legal</subfield>
    <subfield code="l">0</subfield>
    <subfield code="o">xxx M433</subfield>
    <subfield code="p">2025-6584</subfield>
    <subfield code="r">2025-07-15</subfield>
    <subfield code="t">e.4</subfield>
    <subfield code="w">2025-07-15</subfield>
    <subfield code="y">LBS1</subfield>
    <subfield code="z">Proveedor Domingo Mat&#xED;as</subfield>
  </datafield>
  <datafield tag="952" ind1=" " ind2=" ">
    <subfield code="0">0</subfield>
    <subfield code="1">0</subfield>
    <subfield code="2">ddc</subfield>
    <subfield code="5">6</subfield>
    <subfield code="7">0</subfield>
    <subfield code="8">DS</subfield>
    <subfield code="a">BNPHU</subfield>
    <subfield code="b">BNPHU</subfield>
    <subfield code="c">CT</subfield>
    <subfield code="d">2025-05-06</subfield>
    <subfield code="e">Dep&#xF3;sito Legal</subfield>
    <subfield code="l">0</subfield>
    <subfield code="o">xxx M433</subfield>
    <subfield code="p">2025-6585</subfield>
    <subfield code="r">2025-07-15</subfield>
    <subfield code="t">e.5</subfield>
    <subfield code="w">2025-07-15</subfield>
    <subfield code="y">LBS1</subfield>
    <subfield code="z">Proveedor Domingo Mat&#xED;as</subfield>
  </datafield>
  <datafield tag="999" ind1=" " ind2=" ">
    <subfield code="c">59500</subfield>
    <subfield code="d">59500</subfield>
  </datafield>
</record>
